00795nam a22001937a 45000010005000000030006000050050017000110080041000280200018000690400029000870500019001160820011001351000018001462450043001642600047002073000048002545200257003026500042005596972FISKH20250612113307.0250612b cb ||||| |||| 00| 0 eng d a9780778743002 aFISKHbengcFISKHdFISKH aBL1239.D58 T67 a294.5  aTorpie, Kate  aDiwali : bCelebrations in my worlds / aNew York : bCrabtree Publishing, c2009.  a32 pages : bcolor illustrations ;c28 cm  aThe 'festival of lights' is one of the most popular festivals in the Hindu calendar. Like most Hindu festivals, Diwali celebrates the triumph of good over evil. According to one legend Diwali is observed to mark the return of Lord Rama to his homeland. aMulticultural vPicturexNon-fiction